000 00622nam a2200181Ia 4500
008 151018s9999 xx 000 0 und d
082 _bRBASDV33581
_a891.463
100 _aशरदचद्र गोखले
245 _aआढावा सत्तातराचा
250 _b1
260 _bकेशरी प्रकाशन
_c1990
300 _a183
600 _aशरदचद्र गोखले
630 _aआढावा सत्तातराचा
700 _aशरदचद्र गोखले
730 _aआढावा सत्तातराचा
942 _cBOOK
999 _c1033086
_d1033083